UBT Library

Përmbledhje detyrash të zgjidhura nga mekanika I (statika) / (Record no. 534)

000 -LEADER
fixed length control field 00813nam a22002177a 4500
008 - FIXED-LENGTH DATA ELEMENTS--GENERAL INFORMATION
fixed length control field 150109b xxu||||| |||| 00| 0 alb d
041 0# - LANGUAGE CODE
Language code of text/sound track or separate title alb
080 ## - UNIVERSAL DECIMAL CLASSIFICATION NUMBER
Universal Decimal Classification number 531.19
Common auxiliary subdivision (075.18)
100 1# - Rafti
Rafti Jagxhiu, Fetah
245 10 - TITLE STATEMENT
Title Përmbledhje detyrash të zgjidhura nga mekanika I (statika) /
Statement of responsibility, etc Fetah Jagxhiu.
250 ## -
-- Botim i tretë
260 ## -
-- Prishtinë :
-- Enti i Teksteve dhe i Mjeteve Mësimore i Krahinës Socialiste Autonome të Kosovës,
-- 1985.
300 ## -
-- 353 f.:
-- me il. ;
-- 24 cm.
500 ## -
-- Parathënie : f. [5]-[6]
505 ## -
-- Shtesë sistemi i njësive për madhësitë që përdorohen në mekanikë: f. 349-351
650 1# -
-- Mekanika
-- Probleme, ushtrime etj.
650 1# -
-- Statika
710 2# -
-- Universiteti i Kosovës në Prishtinë.
710 2# -
-- Fakulteti Teknik.
942 ## - ADDED ENTRY ELEMENTS (KOHA)
Source of classification or shelving scheme
Item type Books
Holdings
Withdrawn status Lost status Source of classification or shelving scheme Damaged status Not for loan Collection code Permanent location Current location Shelving location Date acquired Total Checkouts Full call number Barcode Date last seen Koha item type
          Koleksioni i përgjithshem UBT - Prishtine UBT - Prishtine Koleksioni i përgjithshem 01/09/2015   531.19 (075.18) JAG 001-00 07 24 01/09/2015 Books
UBT Library © 2015-2024. All rights reserved University Education for Business and Technology